Guess the Country by the word in the Flag! - Statistics

General Stats
  • This quiz has been taken 3 times
  • The average score is 2 of 5
Answer Stats
Hint Answer % Correct
Brazil Ordem E Progresso
100%
Saint Barthélemy Ouanalao
50%
Paraguay Reverse Flag Paz Y Justica
0%
Paraguay Republica Del Paraguay
0%
Nicaragua Republica De Nicaragua America Central
0%
No matching quizzes found
Score Distribution
Percent of People with Each Score
Percentile by Number Answered
Your Score History
You have not taken this quiz